=LDR 00000nam 2200000 4500 =001 INLIS000000000055754 =005 20200714022502 =035 ##$$a 0010-0720000058 =007 ta =008 200714###########################0#eng## =020 ##$$a 0-945971-04-4 =082 ##$$a 598.959 862 =084 ##$$a 598.959 862 Mas b =245 1#$$a Birds of Bali /$c Victor Mason =300 ##$$a 80 halaman : $b ilus. ; $c 22 Cm. =650 #4$$a Burung Bali =264 ##$$a Singapura :$b Perplus Editions,$c 1998 =336 ##$$a teks$2 rdacontent =337 ##$$a lain-lain$2 rdamedia =338 ##$$a lain-lain$2 rdacarrier =990 ##$$a 17931793